000 00294nam a22001097a 4500
008 160518b xxu||||| |||| 00| 0 eng d
020 _a280063264177
041 _aeng
080 _a61
245 _aThe infectious diseases manual:
_cDavid Wills; Mark Farrington; David Rubentein;
942 _2udc
_cBK
999 _c2203
_d2203